Commentries on Delhi apartment ownership act, 1986 / (Record no. 122704)

MARC details
000 -LEADER
fixed length control field 00684nam a22002297a 4500
005 - DATE AND TIME OF LATEST TRANSACTION
control field 20170124105914.0
010 ## - LIBRARY OF CONGRESS CONTROL NUMBER
LC control number A-297052
020 ## - INTERNATIONAL STANDARD BOOK NUMBER
Terms of availability 80.00
035 ## - SYSTEM CONTROL NUMBER
System control number A-297052
037 ## - SOURCE OF ACQUISITION
Source of stock number/acquisition Cen Lib/Ret
040 ## - CATALOGING SOURCE
Original cataloging agency DPL
Language of cataloging EN
082 ## - DEWEY DECIMAL CLASSIFICATION NUMBER
Classification number 347.2
Item number RAO
100 ## - MAIN ENTRY--PERSONAL NAME
Personal name Rao, A.S. Ramachandra
9 (RLIN) 106945
245 ## - TITLE STATEMENT
Title Commentries on Delhi apartment ownership act, 1986 /
Statement of responsibility, etc by A.S. Ramachnadra Rao
260 ## - PUBLICATION, DISTRIBUTION, ETC. (IMPRINT)
Place of publication, distribution, etc Lucknow
Name of publisher, distributor, etc Eastern Book Company
Date of publication, distribution, etc 1987
270 ## - ADDRESS
Address 34, Lalbagh
City Lucknow
Postal code 226001
300 ## - PHYSICAL DESCRIPTION
Extent viii,380p.
Dimensions 23cm(Hb)
500 ## - GENERAL NOTE
General note Includes index
650 ## - SUBJECT ADDED ENTRY--TOPICAL TERM
Topical term or geographic name as entry element Ownership
9 (RLIN) 106946
650 ## - SUBJECT ADDED ENTRY--TOPICAL TERM
Topical term or geographic name as entry element Association development
9 (RLIN) 106947
942 ## - ADDED ENTRY ELEMENTS (KOHA)
Source of classification or shelving scheme Dewey Decimal Classification
Koha item type English Books
Classification part 347.2
Call number suffix RAO
Holdings
Withdrawn status Lost status Damaged status Not for loan Collection code Home library Current library Date acquired Source of acquisition Cost, normal purchase price Total Checkouts Full call number Barcode Date last seen Copy number Cost, replacement price Price effective from Koha item type
      Not For Loan Reference Central Library Central Library 29/05/2015 Cen LIb/Ret 80.00   347.2 RAO A-297052 29/05/2015 1 80.00 29/05/2015 English Books

© Delhi Public Library
Hit Counter
free hit counter